000 00355nam a2200145Ia 4500
005 20251222153603.0
008 251222s9999||||xx |||||||||||||| ||spa||
020 _a978-612-311-350-6
082 _a344.012.1/T73
100 _aTovalino Castro, Fiorella
245 0 _aGratificaciones:
250 _a1a.ed.
264 _bGaceta Jurídica,
942 _cLIB
999 _c31321
_d31321